000 00867nam a22002537a 4500
003 LK-CoMWRAF
005 20231102135847.0
008 231006b1997 |||||||| |||| 00| 0 eng d
020 _a0471122513
040 _aLK-CoMWRAF
_dLK-CoMWRAF
_eLK-CoMWRAF
041 _aeng
082 _a923
_bEVE
100 _aEvers, Charles
245 _aHave no fear:
_bthe Charles Evers story
260 _aNew York:
_bJohn Wiley & Sons,
_c1997
300 _axviii, 333 p. : ill. ; 25 cm.
_bBibliography and index included
650 _aCIVIL RIGHT WORKERS-Mississippi --Biography
650 _a African American politicians -Mississippi -Biography
650 _aCivil rights movements -- Mississippi -- History -- 20th century
650 _aAfrican Americans -- Civil rights
650 _aPolitics and government-Mississippi
700 _aSzanton, Andrew
942 _cBK
999 _c3795
_d3795